000 00632nam a2200241 a 4500
001 nice12345678
003 IN_TiNIC
005 20260116012259.0
008 050524s1992 u ka grp 000 0 eng
020 _a0860370
_c100
082 0 0 _a330.12
_bCHA
100 _aChapra, Muhammad Umar
245 _aIslam and the Economic Challenge
260 _aU K
_bIslamic Foundation
_c1992
300 _a428p
500 _aincludes index and biblioraphy
505 2 _aBibliography, Index
650 _aEconomics-Religious Aspect-Islam
700 1 _aChapra, Muhammad Umar
902 _bSRS
942 _cBK
999 _c6370
_d6370